Leaders’ Decision Making and Neuroscience What Are You thinking?

Salvato in:
Dettagli Bibliografici
Autore principale: Wang, Yinying
Natura: Libro
Lingua:inglese
Pubblicazione: Leeds Emerald Publishing 2024
Edizione:1st Edition
Soggetti:
Tags: Aggiungi Tag
Nessun Tag, puoi essere il primo ad aggiungerne!!

MARC

LEADER 00000nam a2200000 4500
001 0311341
005 20250812105422.6
020 |a 978-1-83797-386-6 
041 0 |a eng 
044 |a GB 
245 1 0 |a Leaders’ Decision Making and Neuroscience  |b What Are You thinking?  |c by Yinying Wang 
250 |a 1st Edition 
264 1 |a Leeds  |b Emerald Publishing  |c 2024 
300 |a 120 s. 
500 |a Emerald e-books. 
610 2 0 |a lídri 
610 2 0 |a vedenie ľudí 
610 2 0 |a rozhodovanie manažérske 
610 2 0 |a neuroveda 
610 2 0 |a motivácia 
100 1 |a Wang, Yinying